Annual report on national income statistics 1969
সংরক্ষণ করুন:
| বিন্যাস: | গ্রন্থ |
|---|---|
| ভাষা: | Undetermined |
| প্রকাশিত: |
[Tokyo]
Economic Planning Agency Government of Japan
1970
|
| বিষয়গুলি: | |
| ট্যাগগুলো: |
ট্যাগ যুক্ত করুন
কোনো ট্যাগ নেই, প্রথমজন হিসাবে ট্যাগ করুন!
|
| Thư viện lưu trữ: | Trung tâm Học liệu Trường Đại học Cần Thơ |
|---|
| LEADER | 00505nam a2200181Ia 4500 | ||
|---|---|---|---|
| 001 | CTU_105319 | ||
| 008 | 210402s9999 xx 000 0 und d | ||
| 082 | |a 339.4952 | ||
| 082 | |b A613 | ||
| 245 | 0 | |a Annual report on national income statistics 1969 | |
| 260 | |a [Tokyo] | ||
| 260 | |b Economic Planning Agency Government of Japan | ||
| 260 | |c 1970 | ||
| 650 | |a National income | ||
| 650 | |x Statistics | ||
| 650 | |z Japan | ||
| 904 | |i Năm | ||
| 980 | |a Trung tâm Học liệu Trường Đại học Cần Thơ | ||